Statystyki dla Władcy Francji

Kliknij tutaj aby rozwiązać quiz!

Ogólne statystyki

  • Ten quiz został rozwiązany 160 razy
  • Średni wynik to 38 z 80

Statystyki odpowiedzi

EraDynastiaKrólLata panowania% Poprawnych
Królestwo FrancjiBurbonowieLudwik XIV Wielki1643-1715
91%
Królestwo FrancjiKapetyngowieLudwik X Kłótliwy1314-1316
89%
Królestwo FrancjiBurbonowieHenryk IV Wielki1589-1610
86%
Królestwo FrancjiWalezjuszeLudwik XI Wytrwały1461-1483
86%
Królestwo FrancjiWalezjuszeLudwik XII Ojciec Ludu1498-1515
84%
Państwo Franków ZachodnichKarolingowieLudwik II Jąkała877-879
83%
Królestwo FrancjiBurbonowieLudwik XIII Sprawiedliwy1610-1643
83%
Królestwo FrancjiBurbonowieLudwik XV Ukochany1715-1774
82%
Państwo Franków ZachodnichKarolingowieLudwik V Gnuśny986-987
81%
Królestwo FrancjiBurbonowieLudwik XVI Król-Męczennik1774-1792/1793
81%
Królestwo FrancjiKapetyngowieLudwik IX Święty1226-1270
80%
Królestwo FrankówKapetyngowieLudwik VI Gruby1108-1137
80%
Królestwo FrankówKapetyngowieLudwik VII Młody1137-1180
80%
Państwo Franków ZachodnichKarolingowieLudwik IV Zamorski936-954
79%
Państwo Franków ZachodnichKarolingowieLudwik III879-882*
78%
Królestwo FrancjiKapetyngowieLudwik VIII Lew1223-1226
77%
Królestwo FrancjiBurbonowieLudwik XVII1793-1795
77%
I Cesarstwo FrancuskieBonaparteNapoleon I1804-1814
77%
Restauracja Burbonów/Sto dniBonaparteNapoleon I03.1815/06.1815
77%
Królestwo FrankówKapetyngowieHenryk I1031-1060
76%
Państwo Franków ZachodnichKarolingowieKarol II Łysy843-877
76%
Królestwo FrancjiWalezjuszeHenryk II1547-1559
75%
Królestwo FrancjiKapetyngowieKarol IV Piękny1322-1328
73%
II Republika Francuska//II Cesarstwo FrancuskieBonaparteKarol Ludwik/Napoleon III1848-1852 (Republika)
1852-1870 (Cesarstwo)
73%
Restauracja Burbonów/Sto dniBonaparteNapoleon II06.1815/07.1815
73%
Królestwo FrancjiWalezjuszeHenryk III1574-1589
72%
Państwo Franków ZachodnichKarolingowieKarol III Prostak898-922
69%
Królestwo FrancjiWalezjuszeKarol VII Zwycięski1422-1461
69%
Królestwo FrancjiWalezjuszeKarol VI Szalony1380-1422
69%
Królestwo FrancjiWalezjuszeKarol V Mądry1364-1380
69%
Restauracja Burbonów/Sto dniBurbonowieLudwik XVIII1815-1824
69%
Restauracja Burbonów/Sto dniBurbonowieLudwik XVIII1814-1815
69%
Restauracja Burbonów/Sto dniBurbonowieKarol X1824-2.08.1830
67%
IV/V Republika FrancuskaPrezydentEmmanuel Macron2017-dziś (02.2023)
65%
Królestwo FrancjiWalezjuszeKarol IX1560-1574
65%
Królestwo FrancjiWalezjuszeKarol VIII Życzliwy1483-1498
64%
Królestwo FrancjiKapetyngowieFilip IV Piękny1285-1314
61%
Królestwo FrancjiKapetyngowieFilip II August1180-1223
60%
Królestwo FrankówKapetyngowieFilip I1060-1108
58%
Królestwo FrancjiKapetyngowieFilip III Śmiały1270-1285
56%
Restauracja Burbonów/Sto dniBurbonowieHenryk V2.08.1830-9.08.1830
56%
Restauracja Burbonów/Sto dniBurbonowieLudwik XIX2.08.1830
55%
IV/V Republika FrancuskaPrezydentCharles de Gaulle1959-1969
53%
Królestwo FrancjiKapetyngowieFilip V Wysoki1316-1322
53%
Królestwo FrancjiWalezjuszeFilip VI1328-1350
51%
Królestwo FrancjiWalezjuszeFranciszek I1515-1547
40%
Królestwo FrankówKapetyngowieHugo Capet987-996
40%
Królestwo FrancjiKapetyngowieJan I Pogrobowiec15.11.1316-20.11.1316
39%
Królestwo FrancjiWalezjuszeJan II Dobry1350-1364
38%
Królestwo FrancjiWalezjuszeFranciszek II1559-1560
36%
Królestwo FrankówKapetyngowieRobert II Pobożny996-1031
35%
IV/V Republika FrancuskaPrezydentNicolas Sarkozy2007-2012
31%
Państwo Franków ZachodnichKapetyngowieRobert I922-923
30%
IV/V Republika FrancuskaPrezydentJacques Chirac1995-2007
28%
Monarchia lipcowaBurbonowieLudwik Filip I1830-1848
26%
Państwo Franków ZachodnichKarolingowieLotar I954-986
25%
IV/V Republika FrancuskaPrezydentFrançois Mitterrand1981-1995
24%
IV/V Republika FrancuskaPrezydentFrançois Hollande2012-2017
22%
IV/V Republika FrancuskaPrezydentGeorges Pompidou1969-1974
19%
Państwo Franków ZachodnichKarolingowieKarloman II879-884*
18%
Państwo Franków ZachodnichBuwinidziRudolf I923-936
17%
Państwo Franków ZachodnichKarolingowieKarol Otyły884-887
14%
III Republika FrancuskaPrezydentRaymond Poincaré1913-1920
12%
Państwo Franków ZachodnichKapetyngowieOdo I888-898
11%
III Republika FrancuskaPrezydentAdolphe Thiers1871-1873
9%
IV/V Republika FrancuskaPrezydentValéry Giscard d’Estaing1974-1981
9%
III Republika FrancuskaPrezydentSadi Carnot1887-1894
8%
IV/V Republika FrancuskaPrezydentRené Coty1954-1959
7%
III Republika FrancuskaPrezydentAlbert Lebrun1932-1940
6%
III Republika FrancuskaPrezydentAlexandre Millerand1920-1924
6%
III Republika FrancuskaPrezydentJules Grévy1879-1887
6%
IV/V Republika FrancuskaPrezydentVincent Auriol1947-1954
6%
III Republika FrancuskaPrezydentFélix Faure1895-1899
5%
III Republika FrancuskaPrezydentPatrice de Mac Mahon1873-1879
5%
III Republika FrancuskaPrezydentArmand Fallières1906-1913
4%
III Republika FrancuskaPrezydentÉmile Loubet1899-1906
4%
III Republika FrancuskaPrezydentGaston Doumergue1924-1931
4%
III Republika FrancuskaPrezydentJean Casimir-Périer1894-1895
4%
III Republika FrancuskaPrezydentPaul Deschanel02.1920-09.1920
4%
III Republika FrancuskaPrezydentPaul Doumer1931-1932
4%

Rozkład punktacji

Percentyl według liczby udzielonych odpowiedzi

Procent ludzi z każdym wynikiem

Twoja historia wyników

Nie rozwiązałeś tego quizu